000 01201cam a22003493a 4500
001 13829658
003 OSt
005 20140310184441.0
008 050103s2005 nyua c 000 1 eng
010 _a 2005270164
020 _a0439133866
040 _aDLC
_cDLC
_dDLC
050 _aPZ 7
_b.Ad237 1999
100 1 _aAdler, David A.
_923317
245 1 0 _aCam Jansen, the ghostly mystery /
_cDavid A. Adler ; illustrated by Susanna Natti.
260 _aNew York :
_bViking,
_c1999
300 _a58 p. :
_bill. ;
_c20 cm.
490 1 _aA Cam Jansen adventure ;
_v16
521 _aG2
526 _c380
650 1 _aRobbers and outlaws
_xFiction.
_927486
650 1 _aGhosts
_xFiction.
_927487
650 1 _aMystery and detective stories.
_93790
700 1 _aNatti, Susanna,
_eill.
_927488
800 1 _aAdler, David A.
_tCam Jansen adventure ;
_v16.
_927489
906 _a7
_bcbc
_corigcop
_d3
_encip
_f20
_gy-gencatlg
942 _cBK-SCHOLAS
_2lcc
999 _c34455
_d34455